| 000 | 00827nam a22002297a 4500 | ||
|---|---|---|---|
| 999 |
_c12578 _d12578 |
||
| 003 | AR-CdUCM | ||
| 008 | 190408b ||||| |||| 00| 0 spa d | ||
| 040 |
_aMUNICIPALIDAD PROVINCIAL DEL CUSCO _cBIBLIOTECA MUNICIPAL DEL CUSCO |
||
| 082 |
_aC / 985.613 / _bCH13 |
||
| 100 |
_aChacon Ch, Victor _929924 |
||
| 245 |
_aValles de Lares y Lak´ko : _bApuntes para su historia |
||
| 260 |
_aCusco : _bUNSAAC, _c1984. |
||
| 300 |
_a138 páginas , _c20 cm. |
||
| 505 | _aContenido Algo de historia -- Lares, su ubicación y extensión -- Principales productos -- Potencial económico -- La coca hoja de doble filo... | ||
| 650 |
_aCalca. _918136 |
||
| 650 |
_aCostumbres. _9230 |
||
| 650 |
_aTradiciones. _9229 |
||
| 650 |
_aCultura. _9126 |
||
| 650 |
_aLak´o Llavero _930472 |
||
| 942 |
_2ddc _cLIBROS |
||
| 945 |
_awnts _d2019-04-09 |
||